Normal view
MARC view
Entry Uniform Title
001 - CONTROL NUMBER
- control field: 36633
003 - CONTROL NUMBER IDENTIFIER
- control field: dpl
005 - DATE AND TIME OF LATEST TRANSACTION
- control field: 20111208142144.0
008 - FIXED-LENGTH DATA ELEMENTS
- fixed length control field: 111208|||a|||||| | ||| d
040 ## - CATALOGING SOURCE
- Original cataloging agency: dpl
- Transcribing agency: dpl
130 ## - HEADING--UNIFORM TITLE
- Uniform title: Nancy drew girl detective
- Form subdivision: Carolyn Keene
670 ## - SOURCE DATA FOUND
- Source citation: Work cat.: (dpl): Petrucha, Stefan 36632, Daggone town /, 2011
670 ## - SOURCE DATA FOUND
- Source citation: Work cat.: (dpl): Petrucha, Stefan 36632, Daggone town /, 2011
